[Event "SVK-chT1E 1819"]
[Site "Slovakia"]
[Date "2018.11.25"]
[Round "4.1"]
[White "Stricova, Zuzana"]
[Black "Tropp, Oliver"]
[Result "1/2-1/2"]
[WhiteElo "2174"]
[BlackElo "2207"]
[PlyCount "88"]
[EventDate "2018.10.27"]
[EventType "team-tourn"]
[EventRounds "11"]
[EventCountry "SVK"]
[SourceTitle "CBM 188 Extra"]
[Source "ChessBase"]
[SourceDate "2019.02.26"]
[SourceVersion "1"]
[SourceVersionDate "2019.02.26"]
[SourceQuality "1"]
[WhiteTeam "Banska Bystrica Junior"]
[BlackTeam "Liptov Chess School II"]
[WhiteTeamCountry "SVK"]
[BlackTeamCountry "SVK"]

1. Nf3 d5 2. g3 Nf6 3. Bg2 g6 4. 0-0 Bg7 5. d4 0-0 6. Ne5 c5 7. c3 cxd4 8. cxd4 Nc6 9. Nc3 e6 10. Nxc6 bxc6 11. Na4 Nd7 12. e4 Ba6 13. Re1 Rc8 14. Be3 f5 15. exf5 exf5 16. Rc1 Bb5 17. Nc5 Re8 18. Nxd7 Qxd7 19. Qd2 Re6 20. Bf1 Bxf1 21. Kxf1 Rce8 22. f3 f4 23. Bxf4 Rxe1+ 24. Rxe1 Qh3+ 25. Kg1 Bxd4+ 26. Be3 Rxe3 27. Rxe3 Bb6 28. Qe1 Kf7 29. f4 Qe6 30. Kf2 Ke7 31. Kf3 Qxe3+ 32. Qxe3+ Bxe3 33. Kxe3 a5 34. b3 c5 35. g4 h5 36. h3 hxg4 37. hxg4 Kf6 38. Kd3 Ke6 39. a3 Kd6 40. Kc3 d4+ 41. Kc4 Ke6 42. b4 cxb4 43. axb4 axb4 44. Kxd4 b3 1/2-1/2

[Event "SVK-chT1E 1617"]
[Site "Slovakia"]
[Date "2016.10.16"]
[Round "2.1"]
[White "Tropp, Oliver"]
[Black "Stricova, Zuzana"]
[Result "1/2-1/2"]
[WhiteElo "2236"]
[BlackElo "2184"]
[PlyCount "99"]
[EventDate "2016.10.15"]
[EventType "team-tourn"]
[EventRounds "11"]
[EventCountry "SVK"]
[SourceTitle "CBM 175 Extra"]
[Source "ChessBase"]
[SourceDate "2016.12.12"]
[SourceVersion "1"]
[SourceVersionDate "2016.12.12"]
[SourceQuality "1"]
[WhiteTeam "Liptov Chess School II"]
[BlackTeam "Banska Bystrica Junior"]
[WhiteTeamCountry "SVK"]
[BlackTeamCountry "SVK"]

1. Nf3 d5 2. g3 Nf6 3. Bg2 c6 4. 0-0 Nbd7 5. d3 e5 6. Nbd2 Be7 7. e4 dxe4 8. dxe4 Qc7 9. b3 0-0 10. Bb2 b5 11. Qe2 Bc5 12. a4 a6 13. h3 Re8 14. g4 Nf8 15. Ne1 Ne6 16. Nd3 Bd4 17. c3 Bb6 18. Nf3 Nc5 19. Nxc5 Bxc5 20. c4 b4 21. Rad1 Nd7 22. Rd3 Nf8 23. Rfd1 f6 24. Bc1 Ne6 25. Kh2 Bb6 26. Be3 Nc5 27. Bxc5 Bxc5 28. Nh4 Be6 29. Nf5 Rad8 30. Kg1 Qb6 31. Kf1 Qc7 32. Bf3 a5 33. R1d2 g6 34. Ng3 Rd4 35. Rxd4 Bxd4 36. Rd3 Rd8 37. Qd1 Rd6 38. Ne2 Bc5 39. Rxd6 Qxd6 40. Qxd6 Bxd6 41. Nc1 Bc5 42. Nd3 Bd4 43. Ke2 Kf7 44. Bg2 Ke7 45. f4 exf4 46. Nxf4 Bd7 47. Nd3 Kd6 48. Bf3 h6 49. Nf4 Be8 50. Nd3 1/2-1/2

[Event "SVK-chT1E 1516"]
[Site "Slovakia"]
[Date "2015.10.25"]
[Round "2.2"]
[White "Stricova, Zuzana"]
[Black "Rojicek, Vojtech"]
[Result "0-1"]
[WhiteElo "2174"]
[BlackElo "2405"]
[PlyCount "92"]
[EventDate "2015.10.24"]
[EventType "team-tourn"]
[EventRounds "11"]
[EventCountry "SVK"]
[SourceTitle "CBM 169 Extra"]
[Source "ChessBase"]
[SourceDate "2015.12.18"]
[SourceVersion "1"]
[SourceVersionDate "2015.12.18"]
[SourceQuality "1"]
[WhiteTeam "Banska Bystrica Junior"]
[BlackTeam "Liptov Chess School II"]
[WhiteTeamCountry "SVK"]
[BlackTeamCountry "SVK"]

1. Nf3 Nf6 2. g3 g6 3. Bg2 Bg7 4. 0-0 0-0 5. d3 d5 6. Nbd2 Nc6 7. e4 e5 8. Re1 h6 9. exd5 Nxd5 10. Nc4 Re8 11. c3 Bf5 12. Nh4 Be6 13. Nf3 f6 14. Bf1 Nb6 15. Nxb6 axb6 16. a3 Qd7 17. Be3 Rad8 18. d4 Qf7 19. Qe2 Bg4 20. Ng5 fxg5 21. Qxg4 exd4 22. cxd4 Nxd4 23. Bxd4 Rxe1 24. Rxe1 Rxd4 25. Qe2 Kh7 26. Bg2 c6 27. Qe7 Rd7 28. Qxf7 Rxf7 29. Re2 Rd7 30. Be4 Bf6 31. Kg2 Kg7 32. Rc2 Rd1 33. Re2 Bd4 34. Bf3 Rb1 35. b4 Kf6 36. Ra2 b5 37. Be4 Rb2 38. Rxb2 Bxb2 39. a4 bxa4 40. b5 cxb5 41. Kf3 b4 42. Ke3 a3 43. Bd5 Ke5 44. Bb3 Bd4+ 45. Ke2 Bxf2 46. Kxf2 Kd4 0-1

[Event "SVK-chT1E 1415"]
[Site "Slovakia"]
[Date "2014.10.18"]
[Round "1.2"]
[White "Stricova, Zuzana"]
[Black "Micek, Jaroslav"]
[Result "1-0"]
[WhiteElo "2174"]
[BlackElo "2112"]
[PlyCount "39"]
[EventDate "2014.10.18"]
[EventType "team-tourn"]
[EventRounds "11"]
[EventCountry "SVK"]
[SourceTitle "EXT 2016"]
[Source "ChessBase"]
[SourceDate "2015.10.08"]
[SourceVersion "1"]
[SourceVersionDate "2015.10.08"]
[SourceQuality "1"]
[WhiteTeam "Banska Bystrica CVC"]
[BlackTeam "Margecany"]
[WhiteTeamCountry "SVK"]
[BlackTeamCountry "SVK"]

1. e4 c5 2. Nf3 d6 3. Bb5+ Bd7 4. Bxd7+ Qxd7 5. 0-0 Nc6 6. c3 Nf6 7. d4 cxd4 8. cxd4 d5 9. e5 Ng8 10. Nc3 e6 11. a3 Nge7 12. b4 Nc8 13. Na4 b5 14. Nc5 Qd8 15. a4 Qb6 16. Bd2 Be7 17. Qc2 a6 18. Rfc1 Bxc5 19. Qxc5 Qxc5 20. Rxc5 1-0

[Event "SVK-chT1E 1112"]
[Site "Slovakia"]
[Date "2012.02.05"]
[Round "9.2"]
[White "Stricova, Zuzana"]
[Black "Istona, Martin"]
[Result "1/2-1/2"]
[WhiteElo "2195"]
[BlackElo "1993"]
[PlyCount "33"]
[EventDate "2011.10.15"]
[EventType "team-tourn"]
[EventRounds "11"]
[EventCountry "SVK"]
[SourceTitle "EXT 2013"]
[Source "ChessBase"]
[SourceDate "2012.11.22"]
[SourceVersion "1"]
[SourceVersionDate "2012.11.22"]
[SourceQuality "1"]
[WhiteTeam "Banska Bystrica"]
[BlackTeam "Sabinov II"]
[WhiteTeamCountry "SVK"]
[BlackTeamCountry "SVK"]

1. Nf3 c5 2. e4 Nc6 3. d3 g6 4. g3 Bg7 5. Bg2 e5 6. c4 Nge7 7. 0-0 0-0 8. Nc3 d6 9. Nh4 Nd4 10. f4 exf4 11. Bxf4 Nec6 12. Qd2 Be6 13. Kh1 Qd7 14. Be3 f5 15. exf5 Nxf5 16. Nxf5 Bxf5 17. Bf4 1/2-1/2

[Event "SVK-chT1E 1112"]
[Site "Slovakia"]
[Date "2012.02.04"]
[Round "8.2"]
[White "Demeter, Peter"]
[Black "Stricova, Zuzana"]
[Result "1/2-1/2"]
[WhiteElo "2253"]
[BlackElo "2195"]
[PlyCount "28"]
[EventDate "2011.10.15"]
[EventType "team-tourn"]
[EventRounds "11"]
[EventCountry "SVK"]
[SourceTitle "EXT 2013"]
[Source "ChessBase"]
[SourceDate "2012.11.22"]
[SourceVersion "1"]
[SourceVersionDate "2012.11.22"]
[SourceQuality "1"]
[WhiteTeam "Sabinov"]
[BlackTeam "Banska Bystrica"]
[WhiteTeamCountry "SVK"]
[BlackTeamCountry "SVK"]

1. c4 e5 2. d3 f5 3. g3 Nc6 4. Bg2 Nf6 5. Nc3 g6 6. Nf3 Bg7 7. 0-0 0-0 8. Rb1 d6 9. b4 Kh8 10. e3 Ne7 11. b5 Nh5 12. Ne2 h6 13. d4 e4 14. Nd2 Nf6 1/2-1/2